000 00805nam a2200205Ia 4500
008 220216s9999 xx 000 0 und d
100 _aThomas M
245 0 _aBiochemical evaluation of RRII 400 series clones of Hevea brasiliensis for drought tolerance
260 _bInternational Conference on Role of Plant Biochemistry and Biotechnology in Food and Nutritional Security & XII th Convention of Indian Society of Agriculture Biochemists, 11-14 December 2013, Sri Venkateswara University, Tirupati, India, Abstracts, p.34.
650 _aBiochemical evaluation
650 _aDrought tolerance
650 _aRRII 400 series
700 _aAnnamalainathan K
700 _aGopalakrishnan J
700 _aJacob J
700 _aSreelatha S
700 _aSumesh K.V
856 _uAbst
942 _cJS
999 _c54741
_d54741